| 000 | 00496nam a2200181Ia 4500 | ||
|---|---|---|---|
| 008 | 090201s9999 xx 000 0 und d | ||
| 010 | _aKPL-69408 | ||
| 040 | _bमराठी | ||
| 041 | _aमराठी | ||
| 082 |
_a47921 _b69408 |
||
| 100 | _aअपर्णा भावे | ||
| 245 |
_aधग _cअपर्णा भावे |
||
| 250 | _a191 | ||
| 260 |
_c2005 _bपायल पब्लिकेशन |
||
| 300 |
_a191 _bलहान |
||
| 600 | _aधग | ||
| 942 | _cBOOK | ||
| 999 |
_c244610 _d244610 |
||